000 00558ntaaa2200193 4500
003 01
005 20251027202748.0
008 0714s1973 ag 01
040 _aAR-BaBN
_bspa
_cAR-BaBN
_eaacr
_dRIC
082 _a793.2100 P27
245 _aJuegos digitales y otras actividades
250 _a1 ed.
260 _aEl Paso :
_bCasa Bautista de Publicaciones,
_cs.f.
300 _a32 p
500 _aEscrito para niños de edad pre-escolar y de jardín de infantes
700 _aPatterson, Pauline G de
700 _aHicks, Dorotea G de
_927742
942 _cBK
999 _c22910
_d22910